Statistics for Number Songs

Click here to take the quiz!

General Stats

  • This quiz has been taken 25 times
  • The average score is 10 of 15

Answer Stats

ArtistSong% Correct
Nena{99} Luftballons
96%
Lou BegaMambo No. {5}
96%
Chuck BerryRoute {66}
96%
Adam AntGoody {Two} Shoes
91%
Beatles{Eight} Days A Week
87%
Commodores{Three} Times A Lady
87%
Boom Town RatsLookin' After No. {1}
83%
Queen{Seven} Seas Of Rhye
70%
Gene Pitney{24} Hours From Tulsa
61%
Train{50} Ways To Say Goodbye
52%
Suzi Quatro{48} Crash
43%
Madonna{4} Minutes
43%
PulpDisco {2000}
43%
BustedYear {3000}
35%
Saxon{747} (Strangers In The Night)
13%

Score Distribution

Percentile by Number Answered

Percent of People with Each Score

Your Score History

You have not taken this quiz